000 00357 a2200145 4500
005 20250628135246.0
020 _a0-205-40378-6
082 _a150 WOO
100 _aWOOD, S. E.
245 _aThe World Psychology
260 _aNew York,
_bPrentice Hall,
_c2004
300 _a501p.; ill.; picture
_bGlossary
_c28cm
700 _aDESMARAIS, S.
942 _2ddc
_cBKS
999 _c6038
_d6038